[Event "Arica op 2nd"]
[Site "Arica"]
[Date "2015.01.18"]
[Round "7"]
[White "Hernandez Guerrero, Gilberto Eduardo"]
[Black "Daniel, Joseph"]
[Result "1-0"]
[WhiteElo "2517"]
[BlackElo "2394"]
[PlyCount "95"]
[EventDate "2015.01.13"]
[EventType "swiss"]
[EventRounds "9"]
[EventCountry "CHI"]
[SourceTitle "EXT 2016"]
[Source "ChessBase"]
[SourceDate "2015.10.08"]
[SourceVersion "1"]
[SourceVersionDate "2015.10.08"]
[SourceQuality "1"]

1. e4 e5 2. Nf3 Nc6 3. Bb5 Bc5 4. c3 Nf6 5. d3 0-0 6. 0-0 Re8 7. Bg5 h6 8. Bh4 Bf8 9. Nbd2 d6 10. Re1 Bd7 11. Ba4 g6 12. d4 Bg7 13. d5 Ne7 14. c4 a5 15. Bc2 Nh5 16. Nf1 Rf8 17. Ne3 Qe8 18. c5 g5 19. cxd6 cxd6 20. Bg3 f5 21. exf5 Qf7 22. Nd2 Nf4 23. Rc1 Nxf5 24. Nxf5 Bxf5 25. Bxf5 Qxf5 26. Ne4 Qd7 27. Qd2 Nh5 28. Rc4 Nf6 29. Nxf6+ Bxf6 30. Qc2 Rfc8 31. Qg6+ Qg7 32. Rxc8+ Rxc8 33. Qf5 Qf8 34. h3 Rc7 35. Re3 Qf7 36. Rb3 Be7 37. Qe4 Rc5 38. Rxb7 Rxd5 39. Kh2 Rc5 40. b3 Kf8 41. f3 Qd5 42. Qf5+ Qf7 43. Qd3 h5 44. Qe4 Rd5 45. Rb8+ Kg7 46. Rb7 Rd4 47. Bxe5+ dxe5 48. Qxe5+ 1-0